00340nam a2200133Ia 4500008004100000020001500041041001200056082001100068100001700079245005300096260003100149300000900180650001700189221030s9999 xx 000 0 und d a8170083117 aEnglish a105.23 aR. K. Bansal 0aTextbook of Fluid Mechanics & Hydraulic Machines bLaxmi PubaNew Delhic2006 a1093 aBB Mechanics